00853nam a2200265Ia 450000500170000000800410001702000180005804000180007604100080009408200220010210000210012424500830014525000120022826000500024030000320029065000200032265000480034265000370039065000200042765000280044765000270047565000390050270000220054170000240056320220719153858.0210716s2001 xx 000 0 und d a9788173190698 cAIMIT LIBRARY aeng a006.321 21bDRID aDriankov,Dimiter aIntroduction to fuzzy control /cBy D Driankov , H Hellendoorn and M Reinfrank a1st ed. aNew Delhi :bNarosa Publishing House ,c2001. axv, 316p. ;bPB :c21.5 cm. aNeural Networks aKnowledge Based systems for process Control aThe Mathematics of Fuzzy Control aFKBC Parameters aNonlinear Fuzzy Control aAdaptive Fuzzy Control aStability of Fuzzy Control Systems aHellendoorm, Hans aReinfrank, Michael.